Częścią, którego kraju jest dany region? #2 - Statystyki

Ogólne statystyki
  • Ten quiz został rozwiązany 427 razy
  • Średni wynik to 21 z 35
Statystyki odpowiedzi
Lp. Nazwa Regionu Kraj % Poprawnych
3 Podkarpacie Polska
99%
4 Toskania Włochy
90%
22 Grenlandia Dania
87%
23 Polesie Białoruś / Polska / Rosja / Ukraina
86%
11 Morawy Czechy
83%
14 Dolina Śmierci Stany Zjednoczone
73%
5 Nowa Południowa Walia Australia
72%
7 Nowa Szkocja Kanada
72%
8 Czukotka Rosja
72%
30 Tyrol Austria / Włochy
71%
20 Jawa Indonezja
68%
16 Kiusiu Japonia
68%
9 Osetia Południowa Gruzja
67%
6 Galicja Hiszpania
67%
18 Sussex Wielka Brytania
67%
17 Burgundia Francja
65%
19 Synaj Egipt
63%
29 Gotlandia Szwecja
63%
34 Żmudź Litwa
61%
2 Syczuan Chiny
58%
1 Turyngia Niemcy
58%
12 Tracja Grecja / Bułgaria / Turcja
55%
33 Azory Portugalia
55%
28 Yeongdong Korea Południowa
54%
25 Walonia Belgia
52%
15 Galapagos Ekwador
51%
27 Jukatan Meksyk
51%
26 Wołoszczyzna Rumunia
49%
35 Anatolia Turcja
43%
10 Radżastan Indie
41%
32 Golan Izrael / Liban / Syria
30%
21 Slawonia Chorwacja
22%
31 Karaganda Kazachstan
21%
24 Gagauzja Mołdawia
16%
13 Szumadia Serbia
7%
Nie znaleziono quizów pasujących do podanych kryteriów
Rozkład punktacji
Procent ludzi z każdym wynikiem
Percentyl według liczby udzielonych odpowiedzi
Twoja historia wyników
Nie rozwiązałeś tego quizu